Score 0/20 Timer 02:00
3 Plays Today
Hint 4-Letter Word % Correct
Bruce Banner's alter ego* HULK *
93.7%
It connects your head and shouldersNECK
93.7%
____ Fury of S.H.I.E.L.D.* NICK *
91.3%
Level on a shipDECK
89.1%
Loki's brother* THOR *
84.9%
Choose or selectPICK
84.5%
Twain's creation FinnHUCK
82.9%
Tony Stark is ____ Man* IRON *
82.8%
Howard the ____* DUCK *
80.9%
A ripTEAR
80.9%
Hint 4-Letter Word % Correct
Thing students dreadTEST
80.8%
Word a whaler yells '____ she blows!'THAR
77.3%
The greatest oneBEST
76.1%
Alpha Flight member* PUCK *
74.4%
Milk comes from thisTEAT
72.3%
Vent for air movementDUCT
70.7%
1982 Sci-Fi movie with light cycles* TRON *
69%
Suffix added to long events or racesTHON
67.2%
Break somethingBUST
48.2%
New X-Men with real name Sooraya Qadir* DUST *
45.7%

Today's Daily Dose

Remove Ads.
Support Sporcle.
Get the best of Sporcle when you Go Orange. This ad-free experience offers more features, more stats, and more fun while also helping to support Sporcle. Thank you for becoming a member.

You're not logged in!

Compare scores with friends on all Sporcle quizzes.
OR
Log In

Show Comments

Extras

Top Quizzes Today


Score Distribution

Your Account Isn't Verified!

In order to create a playlist on Sporcle, you need to verify the email address you used during registration. Go to your Sporcle Settings to finish the process.

Report this User

Report this user for behavior that violates our Community Guidelines.

Details: